| 000 | 00817nam a22002535a 4500 | ||
|---|---|---|---|
| 008 | 161122t2012 xxu||||fr|||| 00| 0 eng d | ||
| 020 | _a9789241564458 | ||
| 040 |
_aEG-ScBUE _beng _cEG-ScBUE |
||
| 082 | 0 | 4 |
_222 _a616.83 _bWOR |
| 110 | 2 | _aWorld Health Organization | |
| 245 | 1 | 0 |
_aDementia : _bA public health priority / _cWorld Health Organization |
| 260 |
_aGeneva : _bWorld Health Organization, _c2012. |
||
| 300 |
_aviii, 102 p. : _bill. ; _c30 cm. |
||
| 504 | _aBibliography : p. 95-102. | ||
| 590 | _aSuzan Ashmawy | ||
| 650 | 7 |
_2BUEsh _aBrain _xDiseases _xPrevention. |
|
| 650 | 7 |
_2BUEsh _aCaregivers _xPsychological aspects. |
|
| 650 | 7 |
_2BUEsh _aDementia. |
|
| 650 | 7 |
_2BUEsh _aHealth planning. |
|
| 650 | 7 |
_2BUEsh _aHealth promotion. |
|
| 651 | _2BUEsh | ||
| 653 |
_bNNUR _cNovember2016 |
||
| 942 | _2ddc | ||
| 999 |
_c23238 _d23210 |
||